Datum a čas kvízu
35
Celkem bodů
Celkový počet nahraných bodů na tomto kvízu bez doplňovacích otázek.
6.
Pořadí na kvízu
Konečné umístění týmu na tomto kvízu.
Zaznamenané odpovědi
| # | Otázka | Odpověď | Body | Výsledky |
|---|---|---|---|---|
| 1. | Dálnice D35 byla od pondělka t... | traktor | 1 | |
| 2. | Tento automobil stál na ulici... | v Itálii | 1 | |
| 3. | Streamovací platforma Netflix... | Stranger Things | 0 | |
| 4. | Čtyřiatřicetiletý tchajwanský... | na PornHubu | 1 | |
| 5. | Rychlobruslařka Martina Sáblík... | Jiří Stanislav Guth-Jarkovský | 0 | |
| 6. | Podíváme se mezi lékaře, kteří... | Sám sobě vyoperoval slepé střevo (a přežil). | 1 | |
| 7. | Tento český kardiochirurg dosá... | Jan Pirk | 1 | |
| 8. | Jednou z postav seriálu Simpso... | Dlaha | 1 | |
| 9. | Další z mnoha veřejně známých... | A) plastická chirurgie | 1 | |
| 10. | Chirurga Benjamina Franklina „... | Woody Allen | 0 |